| 000 | 01878nam a22004697a 4500 | ||
|---|---|---|---|
| 001 | 126 | ||
| 003 | FISKH | ||
| 005 | 20230228104041.0 | ||
| 008 | 230228b cb ||||| |||| 00| 0 eng d | ||
| 020 | _a9780545599757 (lib. bdg.) | ||
| 020 | _a054559975X (lib. bdg.) | ||
| 035 | _a(OCoLC)ocn858366710 | ||
| 040 |
_aBTCTA _beng _cBTCTA _erda _dYDXCP _dFOLLT _dCCD _dLG3 _dOCLCF _dIHX _dDLC _dFISKH |
||
| 042 | _alccopycat | ||
| 050 | 0 | 0 |
_aPZ7.S96694 _bAg 2014 |
| 082 | 0 | 4 |
_a813.6 _223 |
| 100 | 1 |
_aSutherland, Tui, _d1978- _eauthor. |
|
| 245 | 1 | 0 |
_aAgainst the tide / _cTui T. Sutherland. |
| 250 | _aLibrary edition. | ||
| 264 | 1 |
_aNew York, NY : _bScholastic Inc., _c2014. |
|
| 300 |
_a180 p. _bmap _c20 cm. |
||
| 336 |
_atext _2rdacontent |
||
| 337 |
_aunmediated _2rdamedia |
||
| 338 |
_avolume _2rdacarrier |
||
| 490 | 1 |
_aSpirit animals ; _vbook 5 |
|
| 505 | _aM | ||
| 520 | _aFour children have discovered that they have spirit animals, a rare bond between human and animal that has launched them on a quest to save their world, but now they realize that there is a traitor in their midst who has been helping their pursuers and they're heading for a deadly trap. | ||
| 521 | 8 |
_a800 _bLexile |
|
| 521 | 8 |
_aM _bRaz-Plus |
|
| 650 | 0 |
_aHuman-animal relationships _vJuvenile fiction. |
|
| 650 | 0 |
_aGood and evil _vJuvenile fiction. |
|
| 650 | 0 |
_aShapeshifting _vJuvenile fiction. |
|
| 650 | 1 |
_aHuman-animal relationships _vFiction. |
|
| 650 | 1 |
_aGood and evil _vFiction. |
|
| 650 | 1 |
_aShapeshifting _vFiction. |
|
| 650 | 1 | _aFantasy. | |
| 830 | 0 |
_aSpirit animals ; _vbook 5. |
|
| 856 | 4 | 2 |
_3Contributor biographical information _uhttp://www.loc.gov/catdir/enhancements/fy1516/2014940799-b.html |
| 856 | 4 | 2 |
_3Publisher description _uhttp://www.loc.gov/catdir/enhancements/fy1516/2014940799-d.html |
| 906 |
_a7 _bcbc _ccopycat _d2 _encip _f20 _gy-gencatlg |
||
| 942 |
_2ddc _cBK _n0 |
||
| 999 |
_c126 _d126 |
||